| 000 | 00407 a2200145 4500 | ||
|---|---|---|---|
| 003 | OSt | ||
| 005 | 20240112114032.0 | ||
| 008 | 240112b |||||||| |||| 00| 0 eng d | ||
| 040 | _coclc | ||
| 082 |
_a297 _bMAD/M |
||
| 245 |
_aMuhammed(S) anupama vyakthithwam / _cAli Abdurasaq Madani |
||
| 260 |
_aKerala: _bKNM, _c2012. |
||
| 300 | _a120p | ||
| 942 |
_2ddc _cBK _h297 _iMAD/M _k297 _mMAD/M |
||
| 999 |
_c43174 _d43174 |
||